• 首页
  • 本馆介绍
  • 公告通知
  • 最新文献
  • 馆藏检索
  • 电子资源
  • 读者导购
  • 参考咨询
  • 我的图书馆
  • 登录
  • 详细信息显示
  • 放入我的书架
  • 预约/预借图书
  • 作者相关作品
  • 分类相关作品
  • 丛书相关作品
  • 出版社相关作品

书目信息

  • 表格格式
  • 工作单格式
  • 卡片格式
题名:
泰顺碇步龙
    
 
作者: 季海波 主编 ;陶敏萍 , 鲍厚济 编著
分册:  
出版信息: 杭州   浙江摄影出版社  2016
页数: 163页
开本: 23cm
丛书名: 浙江省非物质文化遗产代表作丛书
单 册:
中图分类: J722.214 , J722.2
科图分类:
主题词: 龙舞--介绍--泰顺县
电子资源:
ISBN: 978-7-5514-1669-6
000 01124nam 2200301 450
001 2358381238
005 20231206161328.25
010    @a978-7-5514-1669-6@dCNY44.00
100    @a20170821d2016 em y0chiy50 ea
101 0  @achi
102    @aCN@b330000
105    @aahk a 000yy
200 1  @a泰顺碇步龙@Atai shun ding bu long@f季海波主编@g陶敏萍, 鲍厚济编著
210    @a杭州@c浙江摄影出版社@d2016
215    @a163页@c彩图, 摹真@d23cm
225 2  @a浙江省非物质文化遗产代表作丛书@Azhe jiang sheng fei wu zhi wen hua yi chan dai biao zuo cong shu@h第三批
300    @a第三批国家级非物质文化遗产浙江省项目
320    @a有书目 (第160-161页)
330    @a本书内容包括: 泰顺碇布龙产生的背景、泰顺碇布龙的历史渊源、泰顺碇布龙的表演、泰顺碇布龙的文化意蕴及相关风俗、泰顺碇布龙的传承与保护。
410  0 @12001 @a浙江省非物质文化遗产代表作丛书@h第三批
606 0  @a龙舞@x介绍@y泰顺县
690    @aJ722.214@v5
690    @aJ722.2@v4
701  0 @a季海波@Aji hai bo@4主编
702  0 @a陶敏萍@Atao min ping@4编著
702  0 @a鲍厚济@Abao hou ji@4编著
801  0 @aCN@b湖北三新@c20170821
905    @aZUCC@dJ722.2@e5
    
    泰顺碇步龙/季海波主编/陶敏萍, 鲍厚济编著.-杭州:浙江摄影出版社,2016
    163页:彩图, 摹真;23cm.-(浙江省非物质文化遗产代表作丛书.第三批)
    第三批国家级非物质文化遗产浙江省项目
    
    ISBN 978-7-5514-1669-6:CNY44.00
    本书内容包括: 泰顺碇布龙产生的背景、泰顺碇布龙的历史渊源、泰顺碇布龙的表演、泰顺碇布龙的文化意蕴及相关风俗、泰顺碇布龙的传承与保护。
●
相关链接 在五车中查询图书 在当当中查询图书 在豆瓣中查询图书


正题名:泰顺碇步龙     索取号:J722.2/5         预约/预借

序号 登录号 条形码 馆藏地/架位号 状态 备注
1 2001403555   2001403555   三新/湖北三新(第三批)/1634/ [索取号:J722.2/5] 在馆    
2 2001403556   2001403556   三新/湖北三新(第三批)/1634/ [索取号:J722.2/5] 在馆    
3 2001403557   2001403557   三新/湖北三新(第三批)/1634/ [索取号:J722.2/5] 在馆    
4 2001403558   2001403558   三新/湖北三新(第三批)/1634/ [索取号:J722.2/5] 在馆    
5 2001403559   2001403559   三新/湖北三新(第三批)/1634/ [索取号:J722.2/5] 在馆    
6 2001403560   2001403560   三新/湖北三新(第三批)/1634/ [索取号:J722.2/5] 在馆    
7 2001403561   2001403561   三新/湖北三新(第三批)/1634/ [索取号:J722.2/5] 在馆    
8 2001403562   2001403562   三新/湖北三新(第三批)/1634/ [索取号:J722.2/5] 在馆    
9 2001403563   2001403563   三新/湖北三新(第三批)/1634/ [索取号:J722.2/5] 在馆    
10 2001403564   2001403564   三新/湖北三新(第三批)/1634/ [索取号:J722.2/5] 在馆    
11 2001403565   2001403565   三新/湖北三新(第三批)/1634/ [索取号:J722.2/5] 在馆    
12 2001403566   2001403566   三新/湖北三新(第三批)/1634/ [索取号:J722.2/5] 在馆    
13 2001403567   2001403567   三新/湖北三新(第三批)/1634/ [索取号:J722.2/5] 在馆    
14 2001403568   2001403568   三新/湖北三新(第三批)/1634/ [索取号:J722.2/5] 在馆    
15 2001403569   2001403569   三新/湖北三新(第三批)/1634/ [索取号:J722.2/5] 在馆    
16 2001403570   2001403570   三新/湖北三新(第三批)/1634/ [索取号:J722.2/5] 在馆    
17 2001403571   2001403571   三新/湖北三新(第三批)/1634/ [索取号:J722.2/5] 在馆    
18 2001403572   2001403572   三新/湖北三新(第三批)/1634/ [索取号:J722.2/5] 在馆    
19 2001403573   2001403573   三新/湖北三新(第三批)/1634/ [索取号:J722.2/5] 在馆    
20 2001403574   2001403574   三新/湖北三新(第三批)/1634/ [索取号:J722.2/5] 在馆    
21 2001403575   2001403575   三新/湖北三新(第三批)/1634/ [索取号:J722.2/5] 在馆    
22 2001403576   2001403576   三新/湖北三新(第三批)/1634/ [索取号:J722.2/5] 在馆    
23 2001403577   2001403577   三新/湖北三新(第三批)/1634/ [索取号:J722.2/5] 在馆    
24 2001403578   2001403578   三新/湖北三新(第三批)/1634/ [索取号:J722.2/5] 在馆    
25 2001403579   2001403579   三新/湖北三新(第三批)/1634/ [索取号:J722.2/5] 在馆    
26 2001403580   2001403580   三新/湖北三新(第三批)/1634/ [索取号:J722.2/5] 在馆    
27 2001403581   2001403581   三新/湖北三新(第三批)/1634/ [索取号:J722.2/5] 在馆    
28 2001403582   2001403582   三新/湖北三新(第三批)/1634/ [索取号:J722.2/5] 在馆    
29 2001403583   2001403583   三新/湖北三新(第三批)/1634/ [索取号:J722.2/5] 在馆    
30 2001403584   2001403584   三新/湖北三新(第三批)/1634/ [索取号:J722.2/5] 在馆    
山东省滨州职业学院图书馆 欢迎您!
大连网信软件有限公司© 版权所有